| 000 | 00702nam a2200217Ia 4500 | ||
|---|---|---|---|
| 003 | GCL | ||
| 008 | 140319s9999 xx 000 0 ara d | ||
| 040 |
_aGCL / _cGCL |
||
| 082 | 0 | 4 |
_a398.2569 _bس ا |
| 100 | 1 | _aسليم عرفات المبيض | |
| 245 | 1 | 0 |
_aالابل فى التراث الشعبى الفلسطينى / _cسليم عرفات المبيض |
| 260 |
_a[S.N] : _bالهيئة المصرية العامة للكتاب ، _c1993 |
||
| 300 | _a255 ص | ||
| 490 | _a | ||
| 650 | 0 | 4 | _aفلسطين |
| 650 | 0 | 4 | _aالامثال العامية العربية |
| 650 | 0 | 4 | _aالتراث العربى |
| 650 | 0 | 4 | _aالادب الشعبى |
| 650 | 0 | 4 | _aالجمال |
| 942 |
_2ddc _cBK |
||
| 999 |
_c34702 _d34702 |
||